Statistics for World cup 1982 teams

Click here to take the quiz!

General Stats

  • This quiz has been taken 811 times
  • The average score is 20 of 24

Answer Stats

HintAnswer% Correct
GROUP CArgentina
98%
GROUP BWest Germany
98%
GROUP FBrazil
97%
GROUP ESpain
96%
GROUP DFrance
95%
GROUP AItaly
95%
GROUP DEngland
94%
GROUP APoland
89%
GROUP FSoviet Union
87%
GROUP BAustria
84%
GROUP CBelgium
84%
GROUP FScotland
82%
GROUP BChile
81%
GROUP EYugoslavia
80%
GROUP APerù
79%
GROUP CHungary
78%
GROUP BAlgeria
77%
GROUP ACameroon
76%
GROUP DCzechoslovakia
69%
GROUP FNew Zealand
66%
GROUP ENorthern Ireland
66%
GROUP CEl Salvador
64%
GROUP EHonduras
63%
GROUP DKuwait
62%

Score Distribution

Percentile by Number Answered

Percent of People with Each Score

Your Score History

You have not taken this quiz